000 01240nam a2200265 a 4500
001 BRCA_4664
005 20190320204745.0
008 290910s1954----sp-a######---#000-0#spa-#
041 _aspa
044 _asp
050 4 _aF1461
_b.E88 8 1954
245 1 0 _aEstudios Americanos
_brevista de síntesis e interpretación.
260 _aSevilla
_bEscuela de Estudios Hispano Americanos : Consejo Superior de Investigaciones Científicas
_c1954
300 _ai, p. 144-268
_bil.
_c24 cm.
_eBoletín bibliográfico: nuevas publicaciones. Madrid: Consejo Superior de Investigaciones Científicas, 1954. 19 p., 1 tríptico, 2 volantes
500 _aVol. VIII, Núms. 35-36 agosto-septiembre, 1954
500 _aRevista inventariada por Banco de México como libro
500 _aVer también: CFG10(No.38-39), CFG11(No.37), CGF17(No.29), CFG18(No.30), CFG19(No.31), CFG20(No.32), CFG21(No.33-34), Q75(No.28) y Q84(No.20)
500 _aCFG22
650 1 4 _aRevistas hispanoamericanas
_911818
650 1 4 _aRevistas latinoamericanas
_911819
651 4 _aAmérica Latina
_vRevistas
_xHistoria
_911820
710 2 _aEscuela de Estudios Hispanoamericanos
_bConsejo Superior de Investigaciones Científicas
_911821
902 _aGFM
942 _2lcc
_cB
999 _c4365
_d4365